Statistiken für Länder mit höchstem Einwandereranteil

Klicken Sie hier um das Quiz zu spielen!

Allgemein

  • Dieses Quiz wurde 116 mal gespielt
  • Das Durchschnittsergebnis liegt bei 8 aus 15

Antwortstatistiken

EinwandereranteilLand% Korrekt
30,1%Australien
73%
88,1%Vereinigte Arabische Emirate
67%
38,1%Saudi-Arabien
65%
77,3%Katar
61%
28,8%Schweiz
58%
55,0%Bahrain
56%
47,6%Luxemburg
55%
67,8%Monaco
54%
72,8%Kuwait
51%
67,9%Liechtenstein
50%
43,1%Singapur
49%
59,0%Andorra
46%
46,5%Oman
44%
33,9%Jordanien
29%
30,0%Antigua und Barbuda
4%

Verteilung der Resultate

Perzentil nach korrekt beantworteten Fragen

Anzahl Personen mit jedem Resultat

Ihre Resultats-Entwicklung

Sie haben dieses Quiz noch nicht gespielt